| 000 | 01018cam a22002533a 4500 | ||
|---|---|---|---|
| 001 | 1743 | ||
| 003 | PGUSA | ||
| 005 | 20140828083005.0 | ||
| 008 | 990501s1999||||xxu|||||s|||||000 1 eng d | ||
| 040 |
_aPGUSA _beng |
||
| 042 | _adc | ||
| 050 | 4 | _aPR | |
| 100 | 1 |
_aWells, H. G. _q(Herbert George), _d1866-1946 |
|
| 245 | 1 | 0 |
_aTwelve Stories and a Dream _h[electronic resource] / _cH. G. Wells |
| 260 |
_bProject Gutenberg, _c1999 |
||
| 505 | 0 | _aFilmer -- The magic shop -- The valley of spiders -- The truth about Pyecraft -- Mr. Skelmersdale in fairyland -- The story of the inexperienced ghost -- Jimmy Goggles the god -- The new accelerator -- Mr. Ledbetter's vacation -- The stolen body -- Mr. Brisher's treasure -- Miss Winchelsea's heart -- A dream of Armageddon. | |
| 506 | _aPublic domain in the USA. | ||
| 516 | _aElectronic text | ||
| 653 | _aShort stories | ||
| 653 | _aScience fiction, English | ||
| 830 | 0 |
_aProject Gutenberg _v1743 |
|
| 856 | 4 | 0 | _uhttp://www.gutenberg.org/ebooks/1743 |
| 942 | _cEB | ||
| 999 |
_c231089 _d231089 |
||